| 000 | 00643nam a2200217Ia 4500 | ||
|---|---|---|---|
| 003 | GCL | ||
| 008 | 140319s9999 xx 000 0 ara d | ||
| 040 |
_aGCL / _cGCL |
||
| 082 | 0 | 4 |
_a591.52 _bم م |
| 100 | 1 | _aمريد ينى حنا | |
| 245 | 1 | 0 |
_aمع الحيوانات فى رحلاتها / _cمريد ينى حنا |
| 260 |
_a[S.N] : _bالهيئة المصرية العامة للكتاب ، _c1985 |
||
| 300 | _a142 ص | ||
| 490 | _a | ||
| 650 | 0 | 4 | _aالعلم |
| 650 | 0 | 4 | _aالهجرة |
| 650 | 0 | 4 | _aالعادات والسلوك |
| 650 | 0 | 4 | _aالحيوان |
| 650 | 0 | 4 | _aالحيوانات - تربية |
| 942 |
_2ddc _cBK |
||
| 999 |
_c29406 _d29406 |
||